02446nam a2200337 a 4500001001200000003000800012006001900020007001500039008004100054010001700095020003000112020002700142020002700169040002100196035002100217050002400238082001600262245009200278260004900370300004100419504005100460505118300511533015201694650002801846650002401874655002901898700002101927710001701948856012601965999001702091ebr10671231CaPaEBRm u cr cn|||||||||090108s2009 nyuab sb 001 0 eng d z 2008055491 z9781606929278 (hardcover) z1606929275 (hardcover) z9781613241103 (e-book) aCaPaEBRcCaPaEBR a(OCoLC)70427515314aTA637b.S885 2009eb04a624.1/822200aStructural materials and engineeringh[electronic resource] /cFerence H. Hagy, editor. aNew York :bNova Science Publishers,cc2009. axi, 372 p. :bill. (some col.), map. aIncludes bibliographical references and index.0 aMicrostructure and fracture aspects of short fiber reinforced thermoplastics and toughened with elastomers / S. C. Tjong -- Recycled aggregate structural concrete: a methodology for the prediction of its properties / Jorge de Brito -- A kinetic model of the oxide growth and restructuring on structural materials in nuclear power plants / Iva Betova ... [et al.] -- The flexural modulus of polymer matrix composites / C. J. R. Verbeek, P. D. Ewart, D. Murtagh -- Probabilistic modeling of cleavage fracture n the ductile-to-brittle transition region / Xiaosheng Gao -- Towards performance-based seismic design for buildings in Taiwan / Qiang Xue, Cheng-Chung Chen -- Recent advances in the design of industrial ground-floor slabs with special emphasis on permissible deformations / Ali A. Abbas, Milija N. Pavlovi�c, Michael D. Kotsovos -- Towards efficient analytical models for seismic analysis of multistoried buildings / Y. Belmouden, P. Lestuzzi -- Dynamic stability of beams using a higher order theory / Sebastian P. Machado, Victor H. Cortinez -- The prediction of survival probabilities of building structures under transient extreme execution loads / Antanas Kudzys. aElectronic reproduction.bPalo Alto, Calif. :cebrary,d2013.nAvailable via World Wide Web.nAccess may be limited to ebrary affiliated libraries. 0aStructural engineering. 0aBuilding materials. 7aElectronic books.2local1 aHagy, Ference H.2 aebrary, Inc.40uhttp://site.ebrary.com/lib/rucke/Doc?id=10671231zAn electronic book accessible through the World Wide Web; click to view c62370d62370